| 000 | 00929nas a2200325 4500 | ||
|---|---|---|---|
| 001 | BR2012000021 | ||
| 003 | BR-BrBNA | ||
| 005 | 20231205120006.0 | ||
| 007 | ta | ||
| 008 | 230509b bl.|||p| |||| 00| 00por d | ||
| 040 |
_aBR-BrBNA _bpor _cBiblioteca Nacional de Agricultura |
||
| 041 | _a(Pt) | ||
| 072 | _aH60; P34 | ||
| 100 | 1 | _aBelo, A.F. | |
| 100 | 1 | _aCoelho, A.T.C.P. | |
| 100 | 1 | _aFerreira, L.R. | |
| 100 | 1 | _aSilva, A.A. | |
| 100 | 1 | _aSantos, J.B. | |
| 245 | 1 | _aPotencial de espécies vegetais na remediação de solo contaminado com sulfentrazone | |
| 650 | _aGIRASSOL | ||
| 650 | _aFEIJÃO DE PORCO | ||
| 650 | _aLABE-LABE | ||
| 650 | _aAMENDOIM | ||
| 650 | _aCONTAMINAÇÃO | ||
| 650 | _aSOLO | ||
| 650 | _aHERBICIDA | ||
| 773 | 0 |
_tPlanta Daninha (Brazil) _xISSN 0100-8358 _g(Oct-Dec 2011), v. 29(4) p. 821-828 _wBR2012000021 |
|
| 909 |
_a202311 _bLúcia _c55 _dLúcia Elande |
||
| 942 |
_2AGRIS _n0 _cANA |
||
| 999 |
_c216607 _d216607 |
||